| 000 | 00794nam a2200241 i 4500 | ||
|---|---|---|---|
| 001 | 101205 | ||
| 003 | ES-MaACL | ||
| 005 | 20250829062542.0 | ||
| 007 | t| | ||
| 008 | 051014s1937 sp ||||1| spa d | ||
| 080 | _a929 Disraeli, Benjamin | ||
| 100 | 1 |
_aMaurois, André, _d1885-1967 _979267 |
|
| 245 | 1 | 0 |
_aDisraeli / _cAndré Maurois, [seud.] de Emile Herzog; traducido del francés por Remée de Hernández. |
| 250 | _a2ª ed. | ||
| 260 |
_aMadrid : _bAguilar, _c1937. |
||
| 300 |
_a332 p. ; _c18 cm. |
||
| 490 | 1 | _aLa novela de los grandes hombres | |
| 600 | 1 | 4 |
_aDisraeli, Benjamin, _d1804-1881 _944878 |
| 700 | 1 |
_aHernández, Remée de. _962861 |
|
| 830 | 0 |
_aLa novela de los grandes hombres _9181867 |
|
| 852 |
_aES-MaACL _jA-4686 _bR.16605 |
||
| 999 |
_c101205 _d101205 |
||